LEADER 01055nam0-22003131i-450- 001 990007466190403321 005 20091022143122.0 035 $a000746619 035 $aFED01000746619 035 $a(Aleph)000746619FED01 035 $a000746619 100 $a20030814d1986----km-y0itay50------ba 101 0 $aita 102 $aIT 105 $aa-------001yy 200 1 $a<>mercati periodici del Veneto e del Trentino-Alto Adige nel 1985$eprime considerazioni sui risultati di una inchiesta$fUgo Mattana 210 $aPadova$cUniversità$d1986 215 $a25 p.$d30 cm$e2 c. ripieg. in tasca 225 1 $aQuaderni del Dipartimento di geografia dell'Università degli studi di Padova 610 0 $aVeneto$aEconomia 610 0 $aTrantino-Alto Adige$aEconomia 700 1$aMattana,$bUgo$0269607 801 0$aIT$bUNINA$gRICA$2UNIMARC 901 $aBK 912 $a990007466190403321 952 $aB-It 0018$bI.G.341$fILFGE 959 $aILFGE 996 $aMercati periodici del Veneto e del Trentino-Alto Adige nel 1985$9674049 997 $aUNINA LEADER 01145nam--2200373---450- 001 990003081080203316 005 20080314143814.0 010 $a88-7581-001-X 035 $a000308108 035 $aUSA01000308108 035 $a(ALEPH)000308108USA01 035 $a000308108 100 $a20080314d2004----km-y0enga50------ba 101 $aita 102 $aIT 105 $a||||||||001yy 200 1 $aSemiotica globale$iil corpo nel segno: introduzione a Thomas A. Sebeok$fM. Danesi, S. Petrilli, A. Ponzio 210 $aBari$cB. A. Graphis$d2004 215 $aVII, 139 p.$d20 cm. 225 2 $a<> strumenti$iSerie gialla$v17 410 0$12001$a<> strumenti$iSerie gialla 606 0 $aInterazione sociale$xInflussi [della] Semiotica 676 $a302.2092 700 1$aDANESI,$bM.$0600739 701 1$aPETRILLI,$bSusan$0148830 701 1$aPONZIO,$bA.$0600740 801 0$aIT$bsalbc$gISBD 912 $a990003081080203316 951 $aIV.2. 1961$b205966 LM$cIV.2.$d00200149 959 $aBK 969 $aUMA 979 $aSENATORE$b90$c20080314$lUSA01$h1438 996 $aSemiotica globale$91023667 997 $aUNISA